Medzinárodné hodnotenie kvality podnikateľského prostredia v Slovenskej republike

Hodnotenie krajín v správe o globálnej konkurencieschopnosti vychádza z indexu, ktorý Svetové ekonomické fórum používa od roku 2004. Index je založený na 12 pilieroch konkurencieschopnosti a poskytuje ucelený obraz konkurenčného prostredia v krajinách sveta s rozličným štádiom vývoja. Základné pilie...

Celý popis

Uložené v:
Podrobná bibliografia
Hlavný autor: Bukovová, Sylvia, 1959-
Médium: Kapitola
Jazyk:Slovak
Predmet:
Tagy: Pridať tag
Žiadne tagy, Buďte prvý, kto otaguje tento záznam!

MARC

LEADER 00000nla a2200000 4500
001 0166185
005 20240502072909.8
041 0 |a slo 
044 |a SK 
245 1 0 |a Medzinárodné hodnotenie kvality podnikateľského prostredia v Slovenskej republike  |c Sylvia Bukovová 
520 |a Hodnotenie krajín v správe o globálnej konkurencieschopnosti vychádza z indexu, ktorý Svetové ekonomické fórum používa od roku 2004. Index je založený na 12 pilieroch konkurencieschopnosti a poskytuje ucelený obraz konkurenčného prostredia v krajinách sveta s rozličným štádiom vývoja. Základné piliere indexu. 
610 2 0 |a Slovensko 
610 2 0 |a prostredie podnikateľské 
610 2 0 |a sektory hospodárske 
610 2 0 |a konkurencieschopnosť 
610 2 0 |a porovnanie medzinárodné 
610 2 0 |a indexy 
610 2 0 |a rating 
100 1 |a Bukovová, Sylvia, 1959-